Christmas Trivia A-Z - Statistics

General Stats
  • This quiz has been taken 56 times
  • The average score is 18 of 25
Answer Stats
Hint Answer % Correct
A) In addition to a star, some put this atop the Christmas tree Angel
96%
B) Jesus was born here in a manger Bethlehem
96%
M) The mother of Jesus Mary
88%
F) Spanish for Merry Christmas Feliz Navidad
83%
N) Santa and his elves live here North Pole
83%
T) The main course often served on Christmas Eve or Day Turkey
83%
G) Type of cookie house made during theChristmas season Gingerbread
81%
J) What the bells do Jingle
81%
V) Mary was this, conceived without man Virgin
81%
X) The shortened version of Christmas Xmas
81%
P) Common type of Christmas tree Pine
79%
S) ______ ______, Holy night Silent Night
79%
E) Traditional dairy drink, often cinnamonflavor paired with cookies Eggnog
77%
L) Have yourself, a Merry _____ _____ Little Christmas
75%
R) "Chestnuts _______ on an open fire" Roasting
75%
H) ______ ! the herald, angels sing! Hark
69%
W) Bing Crosby "Walkin' in a _____ ______ Winter Wonderland
69%
Y) Traditional French chocolate cake served at Christmastime,resembles a log Yule
69%
D) What we do with boughs of holly? Deck the Halls
67%
O) Hang these on Christmas trees for decoration Ornament
65%
Q) Type of egg pie dish commonly served at Christmas Quiche
60%
K) Aka Santa Claus, derived from German roots Kris Kringle
46%
U) Type of unpleasant shirt worn around the holidays,often for themed parties Ugly Sweater
44%
C) Movie patriarch whose family disasterscaused a hilariously outlandish Christmas Clark Griswold
29%
Z) Type of pasta commonly served for Christmas Ziti
29%
No matching quizzes found
Score Distribution
Percent of People with Each Score
Percentile by Number Answered
Your Score History
You have not taken this quiz